/ سونے دلہی (Record no. 105995)
[ view plain ]
| 000 -LEADER | |
|---|---|
| fixed length control field | 00922nam a22002657a 4500 |
| 005 - DATE AND TIME OF LATEST TRANSACTION | |
| control field | 20170123162301.0 |
| 010 ## - LIBRARY OF CONGRESS CONTROL NUMBER | |
| LC control number | A-304559 |
| 020 ## - INTERNATIONAL STANDARD BOOK NUMBER | |
| Terms of availability | 17.00 |
| 035 ## - SYSTEM CONTROL NUMBER | |
| System control number | A-304559 |
| 037 ## - SOURCE OF ACQUISITION | |
| Source of stock number/acquisition | Cen Lib/Ret |
| 040 ## - CATALOGING SOURCE | |
| Original cataloging agency | DPL |
| Language of cataloging | UR |
| 082 ## - DEWEY DECIMAL CLASSIFICATION NUMBER | |
| Classification number | 954.16 |
| 100 ## - MAIN ENTRY--PERSONAL NAME | |
| Personal name | احمد، شجادہ مرزا اختر گورکانی |
| 9 (RLIN) | 415 |
| 245 ## - TITLE STATEMENT | |
| Title | / سونے دلہی |
| Statement of responsibility, etc | سہجادہ مرزا احمد اختر گورکانی; مرتبہ امرگوب ابدی |
| 246 ## - VARYING FORM OF TITLE | |
| Title proper/short title | Sawane delhi |
| Remainder of title | by Shazada Mirza Ahmad Akhter Gorkani |
| 260 ## - PUBLICATION, DISTRIBUTION, ETC. (IMPRINT) | |
| Place of publication, distribution, etc | دیللی |
| Name of publisher, distributor, etc | اردو اکادمی |
| Date of publication, distribution, etc | 1987 |
| 270 ## - ADDRESS | |
| Address | |
| City | دیللی |
| Postal code | 110006 |
| 300 ## - PHYSICAL DESCRIPTION | |
| Extent | 64p.; |
| Dimensions | 21cm(pbk) |
| Other physical details | ill. |
| 500 ## - GENERAL NOTE | |
| General note | فہرست, بیبلورگرفے |
| 650 ## - SUBJECT ADDED ENTRY--TOPICAL TERM | |
| Topical term or geographic name as entry element | تاریخ |
| Geographic subdivision | دلھی |
| 9 (RLIN) | 136919 |
| 650 ## - SUBJECT ADDED ENTRY--TOPICAL TERM | |
| Topical term or geographic name as entry element | تہجیب |
| Geographic subdivision | دلھی |
| 9 (RLIN) | 136920 |
| 650 ## - SUBJECT ADDED ENTRY--TOPICAL TERM | |
| Topical term or geographic name as entry element | History |
| Geographic subdivision | Delhi |
| 9 (RLIN) | 418 |
| 650 ## - SUBJECT ADDED ENTRY--TOPICAL TERM | |
| Topical term or geographic name as entry element | Cultures |
| Geographic subdivision | Delhi |
| 9 (RLIN) | 419 |
| 942 ## - ADDED ENTRY ELEMENTS (KOHA) | |
| Source of classification or shelving scheme | Dewey Decimal Classification |
| Koha item type | Urdu Bks |
| Classification part | 954.16 |
| Call number suffix | ا ح م |
| Withdrawn status | Lost status | Damaged status | Not for loan | Collection code | Home library | Current library | Date acquired | Source of acquisition | Cost, normal purchase price | Total Checkouts | Full call number | Barcode | Date last seen | Copy number | Cost, replacement price | Price effective from | Koha item type |
|---|---|---|---|---|---|---|---|---|---|---|---|---|---|---|---|---|---|
| Not For Loan | Reference | Central Library | Central Library | 26/05/2015 | Cen Lib/Ret | 17.00 | 954.16ا ح م | A-304559 | 26/05/2015 | 1 | 17.00 | 26/05/2015 | Urdu Bks |
